| 000 | 00767nam a2200265 a 4500 | ||
|---|---|---|---|
| 999 |
_c3744 _d3744 |
||
| 001 | 18483 | ||
| 003 | BD-DhUAP | ||
| 005 | 20200311142751.0 | ||
| 008 | 141019r20132010nyu 000 1 eng d | ||
| 020 | _a9780141182667 | ||
| 040 |
_aBD-DhUAP _cBD-DhUAP _dBD-DhUAP _bEng |
||
| 082 | 0 | 0 |
_a823.912 JOY _223 |
| 100 | 1 | _aJoyce, James. | |
| 245 | 1 | 2 |
_aA portrait of the artist as a young man / _cJames Joyce. |
| 260 |
_aLondon : _bPenguin books, _cc2000. |
||
| 300 |
_axlii, 328 pages ; _c20 cm. |
||
| 490 | _aOxford world's classics. | ||
| 650 | 0 |
_aYoung men _xFiction. |
|
| 650 | 0 |
_aArtists _xFiction. |
|
| 651 | 0 |
_aDublin (Ireland) _xFiction. |
|
| 655 | 7 |
_aAutobiographical fiction. _2gsafd |
|
| 655 | 7 |
_aBildungsromane. _2gsafd |
|
| 942 |
_2ddc _cBK |
||